| 000 | 00448nam a2200157Ia 4500 | ||
|---|---|---|---|
| 008 | 230917s9999||||xx |||||||||||||| ||und|| | ||
| 040 |
_e195830 _aMAIN |
||
| 041 | _aEnglish | ||
| 082 | _a658.3 S14E(3) | ||
| 100 | _aSubha Rao, P | ||
| 245 | 0 | _aEssentials of human resource management and industrial relations: Text, cases and games | |
| 250 | _a3rd ed. | ||
| 260 |
_aMumbai _bHimalaya Publishing House _c2008 |
||
| 300 | _a262 p. | ||
| 942 | _cBK | ||
| 999 |
_c164825 _d164825 |
||